01028nam a2200253 a 450000100100000000500170001000800410002704000250006808200280009324500890012125000120021026000490022230000210027149000300029259000260032260000770034865000430042565000310046870000540049983000370055391000410059095201260063199900170075700001411620240412074240.0091204s1970 dr 000 0 spa d aDO-SdBNPbspacBNPHU aRD861.4208bM843d, 197000aDomingo Moreno Jimenes :bantología /cselección y prólogo Flerida de Nolasco. a3a. ed. aSanto Domingo :bLibreria Hispaniola,c1970. a187 p. ;c20 cm.1 aPensamiento dominicanov3 aInventariado, 2018/VM14aMORENO JIMENES, DOMINGO,d1894-1936xCRÍTICA E INTERPRETACIÓN921057 4aPoesía dominicanavCOLECCIONES97120 0aLiteratura dominicana.9671 aNolasco, Flérida de,d1891-1976epról.935151 0aPensamiento dominicanov3919047 aValidado. Control de calidad MMOLINA 0010718PDaPDbPDcHDd2009-12-04iLF1l0oRD861.4208 M843d, 1970p14116-10r2020-06-25w2020-06-25yLFPDZNo se presta c13718d13718